Estudio de prefactibilidad del sistema de eliminación de las aguas residuales de la ciudad de Quepos
Guardat en:
| Autor principal: | |
|---|---|
| Format: | Llibre |
| Publicat: |
San José, Costa Rica
1989
|
| Matèries: | |
| Etiquetes: |
Afegir etiqueta
Sense etiquetes, Sigues el primer a etiquetar aquest registre!
|
MARC
| LEADER | 00000nam a2200000Ia 4500 | ||
|---|---|---|---|
| 003 | 004756 | ||
| 005 | 20221231144338.0 | ||
| 008 | 140114s1989 cr a m 000 ||s d | ||
| 040 | |c cru CEDI | ||
| 090 | |a TFG 2208 | ||
| 100 | |a Boza Quesada, Jorge |9 13298 | ||
| 245 | |a Estudio de prefactibilidad del sistema de eliminación de las aguas residuales de la ciudad de Quepos | ||
| 260 | |c 1989 |a San José, Costa Rica | ||
| 300 | |a xi, 236 hojas : ilustraciones ; 27 cm | ||
| 500 | |a Proyecto de graduacion (licenciatura en ingeniería civil)--Universidad de Costa Rica. Facultad de Ingeniería. Escuela de Ingeniería Civil | ||
| 650 | |x LinkDISPOSICION DE AGUAS RESIDUALES - QUEPOS (PUNTARENAS, COSTA RICA) |9 13299 | ||
| 942 | |c TFG | ||
| 999 | |c 20495 |d 20495 | ||
